| 000 -ლიდერი |
| ფიქსირებული სიგრძის საკონტროლო ველი |
00998nam a2200241Ia 4500 |
| 001 - საკონტროლო ნომერი |
| საკონტროლო ველი |
3559 |
| 003 - საკონტროლო ნომრის იდენტიფიკატორი |
| საკონტროლო ველი |
GE_BSU |
| 005 - ბოლო ოპერაციის თარიღი და დრო |
| საკონტროლო ველი |
20190619205028.0 |
| 008 - ფიქსირებული სიგრძის მონაცემთა ელემენტები - ზოგადი ინფორმაცია |
| ფიქსირებული სიგრძის საკონტროლო ველი |
181216s2004||||ge |||||||||||||| ||geo|| |
| 020 ## - წიგნის საერთაშორისო სტანდარტული ნომერი |
| International Standard Book Number |
9992809388 |
| 040 ## - კატალოგიზაციის წყარო |
| Transcribing agency |
GE_BSU |
| 041 ## - ენის კოდი |
| Language code of text/sound track or separate title |
geo |
| 080 ## - უნივერსალური ათობითი კლასიფიკაციის ინდექსი |
| Universal Decimal Classification number |
541.49(075.8) მ–42 |
| 100 ## - მთავარი ჩანაწერი - პიროვნების სახელი |
| Personal name |
მაჩხოშვილი, რ. |
| 9 (RLIN) |
2553 |
| 245 ## - ცნობა სათაურის შესახებ |
| Title |
კოორდინაციული ქიმიის შესავალი : |
| Remainder of title |
სახელმღვანელო უმაღლესი სასწ. სტუდენტებისათვის / |
| Statement of responsibility, etc |
რედ.: გ. ცინაძე. |
| 250 ## - გამოცემის ცნობა |
| Edition statement |
გამოც. მე–2 |
| 264 ## - წარმოების, გამოცემის, დისტრიბუციის და სხვა ცნობები |
| გამოცემის, წარმოების, დისტრიბუციის... ადგილი |
თბილისი, |
| გამოცემის, წარმოების, დისტრიბუციის... თარიღი |
2004. |
| 300 ## - ფიზიკური აღწერა |
| Extent |
130 გვ. ; |
| Other physical details |
20 სმ. |
| 653 ## - INDEX TERM--UNCONTROLLED |
| Uncontrolled term |
კოორდინაციული ქიმია |
| 653 ## - INDEX TERM--UNCONTROLLED |
| Uncontrolled term |
კოორდინაციული ნაერთები |
| 700 ## - ADDED ENTRY--PERSONAL NAME |
| Personal name |
ცინაძე, გ. |
| Relator term |
რედაქტორი |
| 9 (RLIN) |
2636 |
| 942 ## - ADDED ENTRY ELEMENTS (KOHA) |
| Koha item type |
წიგნი |
| Source of classification or shelving scheme |
|